000 00243nam a22001217a 4500
041 _aENG
100 _aJanich .K
245 _aLinear.Algebra
260 _aDelhi
_bSpringer
_c2001
300 _a204
650 _aM.Tech
856 _uM.Tech -(7)
999 _c1003
_d1003